Integrácia podnikových dát prostredníctvom CIMVIEW-CIMWORK

Podrobná bibliografia
Hlavný autor: Hrnčiar, Martin (Autor)
Médium: Článok
Jazyk:slovenčina

MARC

LEADER 00000nab a2200000uu 4500
001 vtls011432857
003 SK-MaSNL
005 20260303112119.0
008 230121|1999 xo |||||||||||||||||slo|
015 |a SNBRB 
035 |a (urnnbn)urn:nbn:sk:snk:ar-000wut 
035 |a (uuid)bac0a624-103d-4d0d-b6c8-3ae855ef50e3 
035 |a urn:nbn:sk:snk-abc928 
040 |a SNKBUCL  |b slo  |c SNKBUCL  |e AACR2 
041 0 |a slo 
044 |a xo  |c SK 
100 1 |a Hrnčiar, Martin  |4 aut  |9 650744 
245 1 0 |a Integrácia podnikových dát prostredníctvom CIMVIEW-CIMWORK  |c Martin Hrnčiar 
773 0 |t AT&P journal : priemyselná automatizácia a informatika  |g Roč. 6, č. 10 (1999), s. 6-7 
954 |a odborná, vedecká literatúra pôvodná (slovenská)  |2 lita 
958 |a OND 
958 |a EUIPO 
958 |a article16 
999 |c 1881821  |d 1883751